[Event "Volodarskij Spring-A"]
[Site "Volodarskij"]
[Date "2007.07.01"]
[Round "6"]
[White "Shpagin, Vlas"]
[Black "Makogonov, Igor"]
[Result "1/2-1/2"]
[WhiteElo "2123"]
[BlackElo "2379"]
[PlyCount "40"]
[EventDate "2007.06.27"]
[EventType "tourn"]
[EventRounds "15"]
[EventCountry "RUS"]
[EventCategory "3"]
[SourceTitle "CBM 119 Extra"]
[Source "ChessBase"]
[SourceDate "2007.09.04"]
[SourceVersion "1"]
[SourceVersionDate "2007.09.04"]
[SourceQuality "1"]

1. d4 d5 2. Bg5 c6 3. Nf3 Qb6 4. b3 Bf5 5. e3 e6 6. Bd3 Bxd3 7. Qxd3 Be7 8. Bxe7 Nxe7 9. 0-0 0-0 10. c4 Nd7 11. Nc3 Nf6 12. e4 dxe4 13. Nxe4 Nxe4 14. Qxe4 Rfd8 15. Rfd1 Nf5 16. Rd3 a5 17. a4 Qb4 18. Rad1 Rac8 19. Ne5 Qe7 20. Qg4 Qf6 1/2-1/2

[Event "Volodarskij Spring-A"]
[Site "Volodarskij"]
[Date "2007.06.29"]
[Round "4"]
[White "Korjakin, Boris"]
[Black "Makogonov, Igor"]
[Result "0-1"]
[WhiteElo "2274"]
[BlackElo "2379"]
[PlyCount "62"]
[EventDate "2007.06.27"]
[EventType "tourn"]
[EventRounds "15"]
[EventCountry "RUS"]
[EventCategory "3"]
[SourceTitle "CBM 119 Extra"]
[Source "ChessBase"]
[SourceDate "2007.09.04"]
[SourceVersion "1"]
[SourceVersionDate "2007.09.04"]
[SourceQuality "1"]

1. e4 c6 2. d4 d5 3. exd5 cxd5 4. c4 Nf6 5. Nc3 Nc6 6. Bg5 Be6 7. Nge2 dxc4 8. Nf4 Nxd4 9. Nxe6 Nxe6 10. Bxc4 Nxg5 11. Qa4+ Nd7 12. Rd1 a6 13. Rxd7 Qxd7 14. Bb5 axb5 15. Qxa8+ Qd8 16. Qxb7 f6 17. Qxb5+ Qd7 18. Qb8+ Kf7 19. 0-0 e5 20. Rd1 Qg4 21. Rd3 Qf5 22. Qa7+ Kg6 23. Rg3 e4 24. Qe3 Bc5 25. Qd2 Rd8 26. Qc2 h5 27. h3 Rd3 28. Rxd3 exd3 29. Qd2 Ne4 30. Nxe4 Qxe4 31. Kf1 Qc4 0-1

[Event "Volodarskij Spring-A"]
[Site "Volodarskij"]
[Date "2007.06.27"]
[Round "1"]
[White "Makogonov, Igor"]
[Black "Zorin, Andrei"]
[Result "1-0"]
[WhiteElo "2379"]
[BlackElo "2292"]
[PlyCount "41"]
[EventDate "2007.06.27"]
[EventType "tourn"]
[EventRounds "15"]
[EventCountry "RUS"]
[EventCategory "3"]
[SourceTitle "CBM 119 Extra"]
[Source "ChessBase"]
[SourceDate "2007.09.04"]
[SourceVersion "1"]
[SourceVersionDate "2007.09.04"]
[SourceQuality "1"]

1. e4 e5 2. Nf3 d6 3. d4 Nd7 4. Bc4 Be7 5. dxe5 dxe5 6. Qd5 Nh6 7. Bxh6 0-0 8. Be3 c6 9. Qd2 Qc7 10. Nc3 b5 11. Bb3 a5 12. a4 b4 13. Ne2 Ba6 14. 0-0 Rad8 15. Rfe1 Nc5 16. Qc1 Rd7 17. Ng3 g6 18. Bxc5 Bxc5 19. Qh6 Kh8 20. Ng5 f6 21. Ne6 1-0